Traite de perspective pittoresque / (Record no. 44838)

MARC details
000 -LEADER
campo de control de longitud fija 00428nam a2200157 i 4500
001 - NÚMERO DE CONTROL
campo de control 44838
003 - IDENTIFICADOR DE NÚMERO DE CONTROL
campo de control ES-MaACL
005 - FECHA Y HORA DE LA ÚLTIMA TRANSACCIÓN
campo de control 20230906161113.0
007 - CAMPO FIJO DE DESCRIPCIÓN FÍSICA--INFORMACIÓN GENERAL
campo de control de longitud fija t|
008 - DATOS DE LONGITUD FIJA--INFORMACIÓN GENERAL
campo de control de longitud fija 030324m19001999fr ||||1| fre d
100 1# - ENTRADA PRINCIPAL--NOMBRE DE PERSONA
Nombre de persona Cloquet, Louis.
9 (RLIN) 39282
245 10 - MENCIÓN DEL TÍTULO
Título Traite de perspective pittoresque /
Mención de responsabilidad, etc. Louis Cloquet.
260 ## - PUBLICACIÓN, DISTRIBUCIÓN, ETC.
Lugar de publicación, distribución, etc. Paris :
Nombre del editor, distribuidor, etc. [Desclée de Brouwer,
Fecha de publicación, distribución, etc. 19--?]
300 ## - DESCRIPCIÓN FÍSICA
Extensión VII, 131 p. ;
Dimensiones 27 cm.
852 ## - LOCALIZACIÓN
Ubicación ES-MaACL
Número de control de estantería F-1626
Holdings
Estatus retirado Estado de pérdida Estado de daño No para préstamo Colección Biblioteca de origen Biblioteca actual Ubicación en estantería Fecha de adquisición Fuente de adquisición Total de préstamos Signatura topográfica completa Código de barras Visto por última vez Precio de reemplazo Tipo de ítem Koha
        Libros del s. XIX Biblioteca del Ateneo de Madrid Biblioteca del Ateneo de Madrid Depósito 2 17/01/2008     F-1626 1047188 23/02/2023 23/02/2023 Libro impreso antiguo